000 00347nam a22001457a 4500
999 _c9013
_d9013
003 OSt
008 200715b ||||| |||| 00| 0 eng d
100 _aSingh , Pranjal Kuma
245 _aIndustrial Pharmacy-1
250 _a2019
260 _aAgra
_bR. Narain
300 _a248
650 _aPharmaceutical Dosage form /Cosmetic
942 _2ddc
_cBK